000 00513nam a2200181 a 4500
005 20140310183209.0
008 030423s19uu xx 00 eng d
020 _a1858730120
050 _aRA 969
_b.Ay978 1995
100 _aAyliffe, Gaj
245 _aPocket reference to hospital-acquired infections /
_cGaj Ayliffe.
260 _aLondon :
_bScience Press,
_c1995.
300 _a58 p. ;
_c18 cm.
521 _aNUR
650 _aNosocomial infections
_xprevention.
942 _cBK
_2lcc
_kFOR
999 _c20086
_d20086